00197nam a2200073Ia 4500008004100000100001800041245003900059260002500098170524s9999 xx 000 0 und d aDR. HARIMOHAN 0aSUCHANA PRODYOGIKI AUR JAN MADHYAM bTAKSHILA : NEW DELHI